000 00754cam a2200193 i 4500
005 20260119111955.0
008 250721s2022 su gr 000 0 ara d
020 _a978999580637
082 1 4 _a331.4
_bخ ل ي
100 1 _aال خليفه، نورة
_eمؤلف
245 1 2 _aالخط الوردي بوصلة المرأة في سوق العمل :
_bبوصلة المرأة في سوق العمل /
_cالشيخة نورة بنت خليفة آل خليفة.
250 _aالطبعة الاولى.
264 3 1 _aالدمام :
_bمركز الادب العربي،
_c2022.
300 _a141 صفحة.
650 1 7 _aالمرأة العاملة.
650 1 7 _aالتنمية البشرية.
942 _2ddc
_cBK
999 _c144880
_d144880